000 00635nam a2200169Ia 4500
008 090123s9999 xx 000 0 und d
082 _b33674
100 _aजायस्वाल जयनारायण
245 _aनिर्दोष आहार पध्दती
250 _a8
260 _bगोपाल ग्रंथ गृह
600 _aजायस्वाल जयनारायण
630 _aनिर्दोष आहार पध्दती
700 _aजायस्वाल जयनारायण
730 _aनिर्दोष आहार पध्दती
942 _cBOOK
999 _c71733
_d71733